000 00864nam a22002177a 4500
999 _c14050
_d14050
003 AR-CdUCM
008 190417b ||||| |||| 00| 0 spa d
020 _a0-8351-1351-5
040 _aMUNICIPALIDAD PROVINCIAL DEL CUSCO
_cBIBLIOTECA MUNICIPAL DEL CUSCO
082 _a615.1 /
_bW42
100 _aWeikang, Fu
_932715
245 _aTraditional chinese medicine and pharmacology /
260 _aBeijing :
_bForeign languages press,
_c1985.
300 _a105 páginas ;
_c18 cm.
505 _aContenido: The legendary shen nong who tasted hundreds of herbs -- China´s earliest records on medicine and pharmacology -- The four diagnostic methods and experimental diagnosis in ancient chinese medicine ...
650 _aMedicina tradicional
_914646
650 _aFarmacología
_923227
650 _aChina
_9843
942 _2ddc
_cLIBROS
945 _aacv
_d2019-04-17